| 000 | 00417nam a2200169 a 4500 | ||
|---|---|---|---|
| 005 | 20260322212100.0 | ||
| 008 | data | ||
| 020 | _a0836865901 | ||
| 020 | _a9780836865905 | ||
| 092 | _a621.1 | ||
| 245 | 0 | 0 |
_aGreat inventions : _bThe steam engine / _cedited by World Almanac. |
| 260 |
_aMilwukww, WI : _bWorld Almanac ; _c2005. |
||
| 300 |
_a48 p. _bcm. |
||
| 650 | 0 | _aSteam Engine | |
| 700 | 1 | _aWorld Almanac | |
| 001 | data | ||
| 999 |
_c1448 _d1448 |
||